000 00537nam a22001937a 4500
003 KOHA_MİRAKIL
005 20250421143326.0
008 250421b tu ||||| |||| 00| 0 tur d
020 _a9789755704913
040 _aTR-AnABB
_btur
_cTR-AnABB
041 _atur
082 _a320.01
_bBER 2016
100 1 _aBerman, Marshall,
245 1 0 _aÖzgünlüğün politikası /
_cMarshall Berman
260 _aİstanbul :
_bSel Yayıncılık,
_c2016
300 _a292 sayfa ;
_c19 cm
650 0 0 _aFelsefe tarihi
942 _2ddc
_cBK
999 _c8798
_d8798
900 _bGizem YORULMAZ